Statistics for North korea vs south korea

Click here to take the quiz!

General Stats

  • This quiz has been taken 67 times
  • The average score is 7 of 10

Answer Stats

QuestionAnswer% Correct
Capital of north koreaPyongyang
97%
Location of s koreaEast asia
86%
Currency of south koreaS korean won
81%
Area of south korea100210 sq.km
80%
Poverty of n korea40%
70%
Literacy of s korea98%
67%
Gdp per capita of south korea30000 usd
55%
Population of north korea2.6 crore
50%
Time zone of n koreaUtc+9
48%
Unemployment of n korea5%
17%

Score Distribution

Percentile by Number Answered

Percent of People with Each Score

Your Score History

You have not taken this quiz